000 00823nam a2200253Ia 4500
008 160319s9999 xx 000 0 und d
245 _aCharlotte's web /
245 _cParamount Pictures and Walden Media present ; a K Entertainment Company production ; a Nickelodeon Movies production ; directed by Gary Winick ; screenplay by Susannah Grant and Karey Kirkpatrick ; produced by Jordan Kerner.
260 _bDolby Digital.
260 _cNA
300 _a1 DVD (96 min.) :
300 _bsound, color ;
300 _c4 3/4 in.
650 _aAnimal welfare --
650 _aDomestic animals --
650 _aFarm life --
650 _aFriendship --
650 _aHuman-animal relationships --
650 _xDrama.
650 _xDrama.
650 _xDrama.
650 _xDrama.
650 _xDrama.
999 _c292559
_d292559